[Event "Brasschaat op 05th"]
[Site "Brasschaat"]
[Date "2005.08.20"]
[Round "1"]
[White "Verlinden, Willy"]
[Black "Steenbekkers, Franck"]
[Result "0-1"]
[WhiteElo "1734"]
[BlackElo "2119"]
[PlyCount "64"]
[EventDate "2005.08.20"]
[EventType "swiss"]
[EventRounds "9"]
[EventCountry "BEL"]
[SourceTitle "CBM 108 Extra"]
[Source "ChessBase"]
[SourceDate "2005.11.04"]
[SourceVersion "1"]
[SourceVersionDate "2005.11.04"]
[SourceQuality "1"]

1. d4 Nf6 2. Nf3 g6 3. e3 Bg7 4. Bd3 d5 5. Nbd2 Nbd7 6. 0-0 0-0 7. Re1 c5 8. c3 b6 9. e4 dxe4 10. Nxe4 cxd4 11. Nxd4 Bb7 12. Bg5 Ne5 13. Nxf6+ exf6 14. Bf4 Nxd3 15. Qxd3 Qd5 16. f3 f5 17. a3 h6 18. Bg3 Bf6 19. Rad1 Rad8 20. Qd2 Kh7 21. Qd3 Rd7 22. Re2 Rfd8 23. Bf2 f4 24. Red2 Qg5 25. Qe2 Rd5 26. Rd3 Ba6 27. Ne6 fxe6 28. Qxe6 Rxd3 29. Rxd3 Rxd3 30. Qf7+ Bg7 31. Bd4 Rd1+ 32. Kf2 Rf1# 0-1

[Event "Brasschaat op 02nd"]
[Site "Brasschaat"]
[Date "2002.08.??"]
[Round "3"]
[White "Vanderhallen, Nicolas"]
[Black "Verlinden, Willy"]
[Result "1-0"]
[WhiteElo "1846"]
[BlackElo "1634"]
[PlyCount "103"]
[EventDate "2002.08.??"]
[EventType "swiss"]
[EventRounds "7"]
[EventCountry "BEL"]
[SourceTitle "EXT 2005"]
[Source "ChessBase"]
[SourceDate "2004.11.15"]
[SourceVersion "1"]
[SourceVersionDate "2004.11.15"]
[SourceQuality "1"]

1. d4 d5 2. c4 c6 3. Nc3 g6 4. Nf3 Bg7 5. Bg5 Nf6 6. e3 0-0 7. Bd3 Nbd7 8. 0-0 Qc7 9. Rc1 e6 10. Qe2 Nb6 11. cxd5 exd5 12. Qc2 Be6 13. Rfe1 Nc8 14. b4 a6 15. a4 Nd6 16. b5 axb5 17. axb5 Ra5 18. bxc6 bxc6 19. Bf4 Nh5 20. Bxd6 Qxd6 21. Na4 Rfa8 22. Nb6 Ra2 23. Qxc6 Qxc6 24. Rxc6 R8a3 25. Rc2 Rxc2 26. Bxc2 Ra2 27. Bd3 Rb2 28. Rb1 Rxb1+ 29. Bxb1 Nf6 30. Ba2 Bf8 31. Kf1 Bb4 32. Ne5 Ba5 33. Na4 Kf8 34. f3 Ke8 35. Nc5 Bc7 36. Ncd3 Bxe5 37. Nxe5 Nd7 38. Nxd7 Kxd7 39. e4 Kd6 40. Kf2 f6 41. Ke3 g5 42. g4 h6 43. Bxd5 Bd7 44. Bc4 Be8 45. f4 Bd7 46. e5+ Ke7 47. f5 Bc6 48. d5 Ba4 49. d6+ Kd7 50. Be6+ Kc6 51. d7 Kc7 52. exf6 1-0